000 00380nam a2200157Ia 4500
008 221030s9999 xx 000 0 und d
041 _aEnglish
082 _a105.23
100 _aM. L. Soni
245 2 _aA course in Electrical Power
_cby M. L. Soni, Bhatnagar
260 _bDhanpat Rai
_aNew Delhi
_c1992
300 _a812
650 _aEE
700 _aBhatnagar
942 _cBK
999 _c9955
_d9955